Every Bone of the Skull - Statistics

General Stats
  • This quiz has been taken 48 times
  • The average score is 9 of 15
Answers on the Map
Answers color-coded by a green-red scale on the quiz's map according to % correct below.
 
Answer Stats
Location Answer % Correct
Facial skeleton mandible
95%
Facial skeleton maxilla
95%
Neurocranium frontal bone
84%
Neurocranium occipital bone
84%
Neurocranium parietal bone
74%
Neurocranium temporal bone
74%
Facial skeleton zygomatic bone
68%
Facial skeleton nasal bone
63%
Neurocranium sphenoid bone
58%
Facial skeleton hyoid bone
53%
Neurocranium ethmoid bone
47%
Facial skeleton palatine bone
37%
Facial skeleton inferior nasal concha
32%
Facial skeleton lacrimal bone
32%
Facial skeleton vomer
32%
No matching quizzes found
Score Distribution
Percent of People with Each Score
Percentile by Number Answered
Your Score History
You have not taken this quiz